¿Puedes ladrar como un perro? / (Record no. 411457)
[ view plain ]
| 000 -LEADER | |
|---|---|
| fixed length control field | 02146cam a2200517 i 4500 |
| 001 - CONTROL NUMBER | |
| control field | 1473766098 |
| 003 - CONTROL NUMBER IDENTIFIER | |
| control field | OCoLC |
| 005 - DATE AND TIME OF LATEST TRANSACTION | |
| control field | 20250905140343.0 |
| 008 - FIXED-LENGTH DATA ELEMENTS--GENERAL INFORMATION | |
| fixed length control field | 250411s2024 enka a 000 1 spa d |
| 020 ## - INTERNATIONAL STANDARD BOOK NUMBER | |
| International Standard Book Number | 9781786289643 |
| Qualifying information | (board book) |
| 020 ## - INTERNATIONAL STANDARD BOOK NUMBER | |
| International Standard Book Number | 1786289644 |
| Qualifying information | (board book) |
| 035 ## - SYSTEM CONTROL NUMBER | |
| System control number | (OCoLC)1473766098 |
| 040 ## - CATALOGING SOURCE | |
| Original cataloging agency | IG# |
| Language of cataloging | eng |
| Description conventions | rda |
| Transcribing agency | IG# |
| Modifying agency | JBZ |
| -- | UAH |
| -- | OCLCO |
| -- | SDD |
| -- | OCLCQ |
| -- | IHV |
| -- | SDG |
| -- | YDX |
| -- | CPL |
| 041 0# - LANGUAGE CODE | |
| Language code of text/sound track or separate title | spa |
| -- | eng |
| Language code of original and/or intermediate translations of text | eng |
| 092 ## - LOCALLY ASSIGNED DEWEY CALL NUMBER (OCLC) | |
| Classification number | children board book - Spanish |
| Item number | Hall |
| 100 1# - MAIN ENTRY--PERSONAL NAME | |
| Personal name | Hall, Abi, |
| Relator term | illustrator. |
| 9 (RLIN) | 6551933 |
| 245 10 - TITLE STATEMENT | |
| Title | ¿Puedes ladrar como un perro? / |
| Statement of responsibility, etc | ilustraciones de Abi Hall, Cocoretto = Can you bark like a dog? / illustrations by Abi Hall, Cocoretto. |
| 246 31 - VARYING FORM OF TITLE | |
| Title proper/short title | Can you bark like a dog? |
| 264 #1 - Production, Publication, Distribution, Manufacture, and Copyright Notice. | |
| Place of production, publication, distribution, manufacture | Swindon, UK : |
| Name of producer, publisher, distributor, manufacturer | Child's Play (International) Ltd, |
| Date of production, publication, distribution, manufacture, or copyr | [2024] |
| 264 #4 - Production, Publication, Distribution, Manufacture, and Copyright Notice. | |
| Date of production, publication, distribution, manufacture, or copyr | ©2024. |
| 300 ## - PHYSICAL DESCRIPTION | |
| Extent | 1 volume (unpaged) : |
| Other physical details | color illustrations ; |
| Dimensions | 15 cm. |
| 336 ## - Content Type | |
| Content type term | text |
| 336 ## - Content Type | |
| Content type term | still image |
| 337 ## - Media type | |
| Media type term | unmediated |
| 338 ## - Carrier type | |
| Carrier type term | volume |
| 500 ## - GENERAL NOTE | |
| General note | Cover title. |
| 500 ## - GENERAL NOTE | |
| General note | On board pages. |
| 520 ## - SUMMARY, ETC. | |
| Summary, etc | "Can you bark like a dog? Growl like a bear? Or cluck like a chicken? Join in the fun as we copy the sounds of familiar animals. Perfect for developing observational skills, encouraging physical activity and developing vocabulary"-- |
| 521 1# - TARGET AUDIENCE NOTE | |
| Target audience note | Ages 0-3. |
| 546 ## - LANGUAGE NOTE | |
| Language note | Parallel text in Spanish and English. |
| 650 #0 - SUBJECT ADDED ENTRY--TOPICAL TERM | |
| Topical term or geographic name as entry element | Animal sounds |
| Form subdivision | Juvenile fiction. |
| 9 (RLIN) | 5705016 |
| 650 #0 - SUBJECT ADDED ENTRY--TOPICAL TERM | |
| Topical term or geographic name as entry element | Board books. |
| 650 #1 - SUBJECT ADDED ENTRY--TOPICAL TERM | |
| Topical term or geographic name as entry element | Animal sounds |
| Form subdivision | Fiction. |
| 9 (RLIN) | 5685511 |
| 650 #1 - SUBJECT ADDED ENTRY--TOPICAL TERM | |
| Topical term or geographic name as entry element | Board books. |
| 650 #1 - SUBJECT ADDED ENTRY--TOPICAL TERM | |
| Topical term or geographic name as entry element | Spanish language materials |
| General subdivision | Bilingual. |
| 9 (RLIN) | 102597 |
| 655 #0 - INDEX TERM--GENRE/FORM | |
| Genre/form data or focus term | Board books. |
| 655 #7 - INDEX TERM--GENRE/FORM | |
| Genre/form data or focus term | board books. |
| Source of term | aat. |
| 655 #7 - INDEX TERM--GENRE/FORM | |
| Genre/form data or focus term | Libros de cartón. |
| Source of term | bidex. |
| 9 (RLIN) | 5938600 |
| 655 #7 - INDEX TERM--GENRE/FORM | |
| Genre/form data or focus term | Libros bilingües. |
| Source of term | bidex. |
| 9 (RLIN) | 6372388 |
| 655 #7 - INDEX TERM--GENRE/FORM | |
| Genre/form data or focus term | Board books. |
| Source of term | lcgft. |
| 655 #7 - INDEX TERM--GENRE/FORM | |
| Genre/form data or focus term | Livres tout carton. |
| Source of term | rvmgf. |
| 9 (RLIN) | 6483080 |
| 700 12 - ADDED ENTRY--PERSONAL NAME | |
| Personal name | Hall, Abi. |
| Title of a work | Can you bark like a dog? |
| Language of a work | Spanish. |
| 9 (RLIN) | 6551934 |
| 700 12 - ADDED ENTRY--PERSONAL NAME | |
| Personal name | Hall, Abi. |
| Title of a work | Can you bark like a dog? |
| 9 (RLIN) | 6551935 |
| 700 0# - ADDED ENTRY--PERSONAL NAME | |
| Personal name | Cocoretto |
| Titles and other words associated with a name | (Joint pseudonym), |
| Relator term | illustrator. |
| 9 (RLIN) | 5812219 |
| 942 ## - ADDED ENTRY ELEMENTS (KOHA) | |
| Source of classification or shelving scheme | Dewey Decimal Classification |
| Koha item type | BOOK |
| Withdrawn status | Lost status | Source of classification or shelving scheme | Damaged status | Not for loan | Collection code | Home library | Current library | Shelving location | Date acquired | Source of acquisition | Total Checkouts | Total Renewals | Full call number | Barcode | Date last seen | Date checked out | Cost, replacement price | Price effective from | Koha item type |
|---|---|---|---|---|---|---|---|---|---|---|---|---|---|---|---|---|---|---|---|
| Dewey Decimal Classification | Spanish Children Board Books | Wasatch County Library | Wasatch County Library | First Floor | 09/05/2025 | KidsReference | 1 | 1 | BB Hall | 34301002166611 | 02/23/2026 | 02/02/2026 | 6.99 | 09/05/2025 | BOOK |
